000
00284nam a22001097a 4500
020
_a
9780521722155
082
_a
650.142 DOW
245
_a
Cambridge English for job-hunting
_c
Downes, Colm
260
_a
New York
_b
Cambridge University Press
_c
2008
590
_a
.....
942
_2
ddc
_c
BK
999
_c
616995
_d
616995